000 00500nam a2200169Ia 4500
999 _c21575
_d21575
003 OSt
005 20201230101341.0
008 190216s9999||||xx |||||||||||||| ||und||
040 _coclc
082 _a891.43915
_bJAW/U
100 _aJawed, Mohamed Aslam
_96368
245 4 _aThe Unknown Iqbal /
_cMohamed Aslam Jawed
260 _bKitab Publishing House,
_c1996.
_aNew delhi:
300 _a220p
650 _aHistory
942 _cBK
_2ddc
_h891.43915
_iJAW/U
_k891.43915
_mJAW/U